The calculus for engineers / (Record no. 161972)

MARC details
000 -LEADER
campo de control de longitud fija 00671nam a22002175i 4500
001 - NÚMERO DE CONTROL
campo de control 161972
003 - IDENTIFICADOR DE NÚMERO DE CONTROL
campo de control ES-MaACL
005 - FECHA Y HORA DE LA ÚLTIMA TRANSACCIÓN
campo de control 20250903005841.0
008 - DATOS DE LONGITUD FIJA--INFORMACIÓN GENERAL
campo de control de longitud fija 041025s1897 xxk |||| | eng d
040 ## - FUENTE DE CATALOGACIÓN
Centro catalogador/agencia de origen CAM
Lengua de catalogación spa
Centro/agencia transcriptor CAM
100 1# - ENTRADA PRINCIPAL--NOMBRE DE PERSONA
Nombre de persona Perry, John.
9 (RLIN) 131054
245 14 - MENCIÓN DEL TÍTULO
Título The calculus for engineers /
Mención de responsabilidad, etc. by John Perry.
250 ## - MENCION DE EDICION
Mención de edición 11th ed.
260 ## - PUBLICACIÓN, DISTRIBUCIÓN, ETC.
Lugar de publicación, distribución, etc. London :
Nombre del editor, distribuidor, etc. Edward Arnold,
Fecha de publicación, distribución, etc. [s.a.] (
Lugar de fabricación/manufactura Cambridge :
Fabricante printed by John Clay)
300 ## - DESCRIPCIÓN FÍSICA
Extensión VI, 382 p. ;
Dimensiones 19 cm.
596 ## - NOTA AL PIE DE IMPRENTA
NOTA AL PIE DE IMPRENTA La BLP lo fecha en 1897.
650 #7 - PUNTO DE ACCESO ADICIONAL DE MATERIA--TÉRMINO DE MATERIA
Término de materia o nombre geográfico como elemento de entrada Cálculo
Fuente del encabezamiento o término embne
9 (RLIN) 10668
752 ## - ENTRADA AGREGADA--NOMBRE JERÁRQUICO DEL LUGAR
País o entidad superior Gran Bretaña -
Ciudad Londres
852 ## - LOCALIZACIÓN
Ubicación ES-MaACL
Número de control de estantería F-4538
Nota libre -- Enc. ed. en tela
Holdings
Estatus retirado Estado de pérdida Estado de daño No para préstamo Biblioteca de origen Biblioteca actual Ubicación en estantería Fecha de adquisición Fuente de adquisición Total de préstamos Signatura topográfica completa Código de barras Visto por última vez Precio de reemplazo Tipo de ítem Koha
        Biblioteca del Ateneo de Madrid Biblioteca del Ateneo de Madrid Depósito 2 17/01/2008     F-4538 1169671 23/02/2023 23/02/2023 Libro impreso